000 00348nam a2200133Ia 4500
003 GCL
008 140319s9999 xx 000 0 ara d
040 _aGCL /
_cGCL
082 0 4 _a813.01
_bم ا
245 1 0 _aامرأة بلاراس
260 _a[S.N] :
_bمنشورات اتحاد الكتاب العرب ،
_c1992
300 _a222 ص
490 _a
999 _c35503
_d35503